|
|
|
|
| LEADER |
01770nam a2200253 a 4500 |
| 001 |
GR-Patra15289 |
| 003 |
GR-PaULI |
| 005 |
20231221132252.0 |
| 008 |
030421s2013 gr g b 000 0 gre d |
| 020 |
|
|
|a 9789609342438
|
| 040 |
|
|
|a GrPaTEI
|b gre
|c GR-PaULI
|e AACR2
|
| 082 |
0 |
4 |
|a 616.855
|2 23
|
| 100 |
1 |
|
|a Γεωργοπούλου, Σταυρούλα Χ.
|9 201476
|e συγγραφέας.
|
| 245 |
1 |
0 |
|a Μεθοδολογία έρευνας και ανάλυση δεδομένων στη λογοπαθολογία :
|b εφαρμογή στην τεκμηριωμένη πρακτική /
|c Σταυρούλα Χ. Γεωργοπούλου.
|
| 260 |
|
|
|a Πάτρα :
|b [χ.ο.],
|c 2013.
|
| 300 |
|
|
|a 202 σ. :
|b εικ. ;
|c 24 εκ.
|
| 504 |
|
|
|a Περιλαμβάνει βιβλιογραφικές παραπομπές.
|
| 650 |
|
4 |
|a Λόγος, Διαταραχές του
|9 79424
|
| 942 |
|
|
|2 ddc
|c BK
|
| 952 |
|
|
|0 0
|1 0
|2 ddc
|4 0
|6 616_855000000000000_ΓΕΩ
|7 0
|9 294102
|a LISK
|b LISK
|c EUD
|d 2021-01-17
|e 24
|f 1
|g 0.00
|l 0
|o 616.855 ΓΕΩ
|p 92410059502
|r 2021-01-17 00:00:00
|t 3
|w 2021-01-17
|y BK15
|x 20140604 0 1
|x GrPaTEI
|
| 952 |
|
|
|0 0
|1 0
|2 ddc
|4 0
|6 616_855000000000000_ΓΕΩ
|7 0
|9 294103
|a LISK
|b LISK
|c EUD
|d 2021-01-17
|e 24
|f 3
|g 0.00
|l 0
|o 616.855 ΓΕΩ
|p 99241000065569
|r 2021-01-17 00:00:00
|t 2
|w 2021-01-17
|y BK15
|x Purchase/Donation Number
|x General Note
|x GrPaTEI
|
| 952 |
|
|
|0 0
|1 0
|2 ddc
|4 0
|6 616_855000000000000_ΓΕΩ
|7 0
|9 294104
|a LISK
|b LISK
|c EUD
|d 2021-01-17
|e 24
|f 1
|g 0.00
|l 0
|o 616.855 ΓΕΩ
|p 99241000065570
|r 2021-01-17 00:00:00
|t 1
|w 2021-01-17
|y BK15
|x Purchase/Donation Number
|x General Note
|x GrPaTEI
|
| 952 |
|
|
|0 0
|1 0
|2 ddc
|4 0
|6 616_855000000000000_ΓΕΩ
|7 0
|9 375958
|a LISP
|b LISP
|c BSC
|d 2023-12-21
|i 263159
|l 0
|o 616.855 ΓΕΩ
|p 025000305711
|r 2023-12-21 00:00:00
|t 4
|w 2023-12-21
|y BK15
|
| 999 |
|
|
|c 171904
|d 171904
|